Tree houses = casas en árboles = case sugli alberi = casas nas árvores : (Registro nro. 5039)
[ vista simple ]
| 000 -LEADER | |
|---|---|
| fixed length control field | 00931nam a22002537a 4500 |
| 003 - CONTROL NUMBER IDENTIFIER | |
| control field | PE SENCICO BE |
| 005 - DATE AND TIME OF LATEST TRANSACTION | |
| control field | 20251020182710.0 |
| 008 - FIXED-LENGTH DATA ELEMENTS--GENERAL INFORMATION | |
| fixed length control field | 250106b |||||||| |||| 00| 0 eng d |
| 020 ## - INTERNATIONAL STANDARD BOOK NUMBER | |
| International Standard Book Number | 978-3-8565-6188-4 |
| 040 ## - CATALOGING SOURCE | |
| Original cataloging agency | PE SENCICO BE |
| Transcribing agency | PE SENCICO BE |
| 041 ## - LANGUAGE CODE | |
| Language code of text/sound track or separate title | spa |
| -- | ita |
| -- | por |
| -- | eng |
| 082 ## - DEWEY DECIMAL CLASSIFICATION NUMBER | |
| Classification number | 728.7 |
| Item number | J64 |
| 100 1# - MAIN ENTRY--PERSONAL NAME | |
| 9 (RLIN) | 373 |
| Personal name | Jodidio, Philip |
| Relator term | autor |
| 245 1# - TITLE STATEMENT | |
| Title | Tree houses = casas en árboles = case sugli alberi = casas nas árvores : |
| Remainder of title | fairy-tale castles in the air / |
| Statement of responsibility, etc. | Philip Jodidio |
| 250 ## - EDITION STATEMENT | |
| Edition statement | [1a ed.] |
| 260 ## - PUBLICATION, DISTRIBUTION, ETC. | |
| Place of publication, distribution, etc. | Koln [Alemania] : |
| Name of publisher, distributor, etc. | Taschen ; |
| Date of publication, distribution, etc. | 2017 |
| 300 ## - PHYSICAL DESCRIPTION | |
| Extent | 533 p. : |
| Other physical details | il. col. ; |
| Dimensions | 19 cm. |
| 520 3# - SUMMARY, ETC. | |
| Summary, etc. | Idílicas casas en árboles de todos los rincones del mundo y en todos los estilos inimaginables, del romántico al moderno |
| 650 10 - SUBJECT ADDED ENTRY--TOPICAL TERM | |
| 9 (RLIN) | 190 |
| Topical term or geographic name entry element | Casas de campo |
| 650 20 - SUBJECT ADDED ENTRY--TOPICAL TERM | |
| 9 (RLIN) | 844 |
| Topical term or geographic name entry element | Viviendas ecológicas |
| 650 20 - SUBJECT ADDED ENTRY--TOPICAL TERM | |
| 9 (RLIN) | 1468 |
| Topical term or geographic name entry element | Viviendas pequeñas |
| 910 ## - USER-OPTION DATA (OCLC) | |
| User-option data | hfp |
| -- | hfp |
| -- | hfp |
| 942 ## - ADDED ENTRY ELEMENTS (KOHA) | |
| Source of classification or shelving scheme | Dewey Decimal Classification |
| Koha item type | Libros |
| Fecha de la última vez que lo usaron | Pago total | Signatura topográfica completa | Código de barras | Precio efectivo desde | Tipo de documento | Estado perdido | Sistema de clasificación | Estado dañado | No es para préstamo | Retirado | Ubicación permanente | Ubicación actual | Fecha de adquisición | Fuente de adquisición |
|---|---|---|---|---|---|---|---|---|---|---|---|---|---|---|
| 06/01/2025 | 728.7/J64 | BibLima25010002 | 06/01/2025 | Libros | Dewey Decimal Classification | Biblioteca Central Lima | Biblioteca Central Lima | 18/11/2024 | Comprado de la librería Megabook |